000 00421nab a2200145Ia 4500
003 ES-SlBCS
005 20210601134623.0
008 140529s1988 xxu||||| |||| 00| 0 spa d
041 _aspa
100 1 _aAyestarán F., Antonio
_9220529
245 0 0 _aEl adulto, una visión cognitiva
_c Antonio Ayestarán F.
650 0 4 _aAdulto
_9148228
773 0 _tAnthropos
_gvol. 9, nº. 16, 1988, págs. 11-124
_wRev38
942 _cAR
999 _c615421
_d615421